01008nam a22002057a 450000500170000000800410001702000150005803500090007304000090008210000260009124501210011725600250023826000520026330000280031549000130034350602800035665000330063674000380066985600950070720240305165348.0111004s2007 cl |||||s|||| 00||0 spa d a9561018829 a5865 avLex1 aLlanos Mansilla, Hugo10aTeoría y Práctica del Derecho Internacional Públicoh[Recurso electrónico] /cHugo Llanos MansillanTomo III aServicio en línea. a[Chile] :bEditorial jurídica de Chile,c2007 a1 recurso electrónico0 aTratados1 aContenido solo disponible en los productos indicadosdvLex GlobaldvLex Global (Academic Edition, excluding Law Schools)dvLex Global (U.S. Academic Edition, Law Schools)dvLex Global (U.S. Academic Edition, excluding Law Schools)dvLex Global (Academic Edition, Law Schools)04aDerecho internacionalzChile0 avLex Libros (Servicio en línea)40uhttps://app.vlex.com/#/sources/teoria-practica-derecho-internacional-publico-tomo-iii-5865